[Event "OP-2020-0-05048"]
[Site "LSS email"]
[Date "2020.11.05"]
[Round "?"]
[White "Glaubitz, Friedhelm"]
[Black "Kablan, Cristian"]
[Result "1/2-1/2"]
[WhiteElo "2229"]
[BlackElo "1829"]
[PlyCount "144"]
[EventDate "2020.11.05"]
[EventType "tourn (corr)"]
[EventRounds "4"]
[EventCountry "GER"]
[SourceTitle "Corr 2024"]
[Source "ChessBase"]
[SourceDate "2023.10.19"]
[SourceVersion "1"]
[SourceVersionDate "2023.10.19"]
[SourceQuality "1"]

1. e4 c5 2. Nf3 d6 3. d4 cxd4 4. Nxd4 Nf6 5. Nc3 a6 6. Be3 e5 7. Nf3 Be7 8. Bc4 0-0 9. 0-0 Be6 10. Bxe6 fxe6 11. Na4 Ng4 12. Qd3 Nxe3 13. Qxe3 b5 14. Nb6 Ra7 15. Nd5 Rb7 16. Nxe7+ Qxe7 17. Rfd1 Rc8 18. Rd2 Nd7 19. Rad1 Nb6 20. b3 h6 21. h3 Rc6 22. Qe2 Rbc7 23. a3 Rc8 24. Nh2 Nd7 25. Ng4 Nc5 26. f3 Qf8 27. Kh2 Qf4+ 28. g3 Qf8 29. h4 Qe7 30. Rf1 Qb7 31. Qd1 Qc7 32. Ne3 Nd7 33. Kg2 Qb6 34. Re1 R8c7 35. Rd3 Nc5 36. Rd2 Nd7 37. c4 Qa5 38. Rxd6 Rxd6 39. Qxd6 Qxe1 40. Qxc7 Qe2+ 41. Kh3 Nf6 42. Ng4 Qf1+ 43. Kh2 Nxg4+ 44. fxg4 Qe2+ 45. Kh1 Qxe4+ 46. Kh2 Qxg4 47. Qxe5 bxc4 48. bxc4 Qxc4 49. h5 Kf7 50. Qa5 Qe2+ 51. Kh3 Qf1+ 52. Kh2 Qe2+ 53. Kh3 Qd3 54. Kh4 Qd6 55. Qa4 e5 56. Kh3 Qe6+ 57. g4 e4 58. Qd4 Kg8 59. Kg3 Qb3+ 60. Kh4 e3 61. Qd8+ Kh7 62. Qe7 Qd3 63. a4 e2 64. Qe6 a5 65. Qe8 Qc2 66. Kg3 Qxa4 67. Qxa4 e1Q+ 68. Kh2 Qe5+ 69. Kh3 Qc3+ 70. Kg2 Qd2+ 71. Kh1 Qe2 72. Qxa5 Qxg4 1/2-1/2

[Event "RD-2019-0-00152"]
[Site "LSS email"]
[Date "2019.04.29"]
[Round "?"]
[White "Kablan, Cristian"]
[Black "Schleef, Harald"]
[Result "1-0"]
[WhiteElo "1436"]
[BlackElo "1200"]
[PlyCount "99"]
[EventDate "2018.10.26"]
[EventType "tourn (corr)"]
[EventRounds "6"]
[EventCountry "GER"]
[SourceTitle "Corr 2022"]
[Source "ChessBase"]
[SourceDate "2021.10.24"]
[SourceVersion "1"]
[SourceVersionDate "2021.10.24"]
[SourceQuality "1"]

1. e4 c5 2. Nf3 e6 3. d4 cxd4 4. Nxd4 a6 5. Nc3 Qc7 6. Bd3 Nf6 7. 0-0 b5 8. Qe2 Bb7 9. e5 Nd5 10. Nxd5 Bxd5 11. a4 b4 12. Bd2 Bc5 13. Nb3 Be7 14. Bf4 Nc6 15. Rad1 g5 16. Bg3 h5 17. h3 Na5 18. Nd2 Qc6 19. Ne4 Nb7 20. f4 Nc5 21. Nxc5 Bxc5+ 22. Kh2 g4 23. Bh4 Rg8 24. Bg5 gxh3 25. gxh3 Rf8 26. Rd2 Qxa4 27. f5 Qc6 28. fxe6 dxe6 29. c4 bxc3 30. bxc3 Rg8 31. h4 Qc7 32. Kh3 Rb8 33. Bc2 Qa5 34. Rxd5 Rxg5 35. hxg5 exd5 36. Qf3 Be7 37. Qxf7+ Kd8 38. Rf3 Qa3 39. g6 Qc1 40. Qxd5+ Kc7 41. Qc4+ Kb6 42. Qe6+ Ka5 43. Qxe7 Qh1+ 44. Kg3 Qg1+ 45. Kf4 Qc1+ 46. Kf5 Qxc2+ 47. Kf6 Qe4 48. Rf5 Ka4 49. Qd6 Rh8 50. e6 1-0

[Event "RD-2019-0-00152"]
[Site "LSS email"]
[Date "2019.04.28"]
[Round "?"]
[White "Kablan, Cristian"]
[Black "Nowak, Andrzej"]
[Result "1-0"]
[WhiteElo "1436"]
[BlackElo "1400"]
[PlyCount "107"]
[EventDate "2018.10.26"]
[EventType "tourn (corr)"]
[EventRounds "6"]
[EventCountry "GER"]
[SourceTitle "Corr 2022"]
[Source "ChessBase"]
[SourceDate "2021.10.24"]
[SourceVersion "1"]
[SourceVersionDate "2021.10.24"]
[SourceQuality "1"]

1. e4 c5 2. Nf3 d6 3. d4 cxd4 4. Nxd4 Nf6 5. Nc3 a6 6. Be3 e5 7. Nb3 Be6 8. f3 Be7 9. Qd2 Nbd7 10. g4 Nb6 11. 0-0-0 Rc8 12. Kb1 Nfd7 13. g5 Qc7 14. h4 f5 15. gxf6 Nxf6 16. Bxb6 Qxb6 17. Bh3 Bxh3 18. Rxh3 0-0 19. h5 Qc6 20. Qg2 Qd7 21. Nc1 Bd8 22. N1e2 Ba5 23. Rhh1 Qe7 24. Nd5 Nxd5 25. Rxd5 Rc5 26. Rd3 Rc6 27. Ng3 Qg5 28. Rhd1 Bb6 29. Qh3 Bc5 30. Nf5 Qf6 31. a3 a5 32. R1d2 a4 33. Rg2 Rc7 34. Rdd2 b5 35. Rg4 Rff7 36. Rdg2 b4 37. axb4 Bxb4 38. h6 g6 39. Nh4 Kf8 40. Nxg6+ Ke8 41. Nh8 Qxh8 42. Rg8+ Qxg8 43. Rxg8+ Ke7 44. Qh4+ Ke6 45. Re8+ Kd7 46. Qd8+ Kc6 47. Qa8+ Rb7 48. Rc8+ Rfc7 49. Qa6+ Kd7 50. Qxa4+ Ke6 51. Qe8+ Kf6 52. Qh8+ Kg5 53. Rf8 Rf7 54. Qg8+ 1-0

[Event "SD-2019-0-00300"]
[Site "LSS email"]
[Date "2019.04.09"]
[Round "?"]
[White "Glowinski, Daniel"]
[Black "Kablan, Cristian"]
[Result "0-1"]
[WhiteElo "1527"]
[BlackElo "1451"]
[PlyCount "120"]
[EventDate "2018.11.26"]
[EventType "tourn (corr)"]
[EventRounds "6"]
[EventCountry "GER"]
[SourceTitle "Corr 2022"]
[Source "ChessBase"]
[SourceDate "2021.10.24"]
[SourceVersion "1"]
[SourceVersionDate "2021.10.24"]
[SourceQuality "1"]

1. e4 c5 2. Nf3 d6 3. Bb5+ Bd7 4. Bxd7+ Qxd7 5. 0-0 Nc6 6. Nc3 g6 7. d4 cxd4 8. Nxd4 Bg7 9. Be3 Nf6 10. f3 0-0 11. Qd2 Rfc8 12. a4 Nxd4 13. Bxd4 Rc4 14. Rfe1 Qc6 15. Rad1 Nd7 16. Qf2 a6 17. a5 Re8 18. Bxg7 Kxg7 19. Rd4 Rc8 20. Re2 Nf6 21. e5 dxe5 22. Rxe5 Qc7 23. Rxc4 Qxc4 24. g4 Qb4 25. g5 Ne8 26. Qb6 Qf4 27. Qe3 Qxe3+ 28. Rxe3 Kf8 29. Rd3 Nd6 30. Rd5 Nc4 31. Rd7 Nxa5 32. Nd5 Rxc2 33. Rd8+ Kg7 34. Nxe7 f5 35. b4 Nc4 36. f4 Kf7 37. Nd5 Rd2 38. Rc8 Rxd5 39. Rxc4 Ke6 40. Kg2 b5 41. Rc7 Rd7 42. Rc6+ Kd5 43. Rxa6 Kc4 44. Kf3 Kxb4 45. h4 Kc5 46. h5 b4 47. hxg6 hxg6 48. Ra8 Rd5 49. Ke3 b3 50. Ra1 Kc4 51. Rc1+ Kb4 52. Rb1 Rd7 53. Ke2 Ka3 54. Ra1+ Kb2 55. Ra6 Re7+ 56. Kd3 Rg7 57. Kd4 Kb1 58. Rb6 b2 59. Ke3 Ra7 60. Rxg6 Ka1 0-1

[Event "OP-2019-0-04760"]
[Site "LSS email"]
[Date "2019.04.06"]
[Round "?"]
[White "Kablan, Cristian"]
[Black "Ducharme, Steven"]
[Result "1-0"]
[WhiteElo "1631"]
[BlackElo "751"]
[PlyCount "27"]
[EventDate "2019.03.27"]
[EventType "tourn (corr)"]
[EventRounds "4"]
[EventCountry "GER"]
[SourceTitle "Corr 2022"]
[Source "ChessBase"]
[SourceDate "2021.10.24"]
[SourceVersion "1"]
[SourceVersionDate "2021.10.24"]
[SourceQuality "1"]

1. e4 c5 2. Nf3 Nc6 3. d4 cxd4 4. Nxd4 Nf6 5. Nc3 g6 6. Nxc6 bxc6 7. e5 Nh5 8. Bc4 e6 9. 0-0 Qa5 10. Re1 Ba6 11. Bxa6 Qxa6 12. g4 Ng7 13. Ne4 Be7 14. Nf6+ 1-0

[Event "OP-2019-0-04760"]
[Site "LSS email"]
[Date "2019.04.06"]
[Round "?"]
[White "Kablan, Cristian"]
[Black "Mostowik, Daniel"]
[Result "1/2-1/2"]
[WhiteElo "1631"]
[BlackElo "2211"]
[PlyCount "100"]
[EventDate "2019.03.27"]
[EventType "tourn (corr)"]
[EventRounds "4"]
[EventCountry "GER"]
[SourceTitle "Corr 2022"]
[Source "ChessBase"]
[SourceDate "2021.10.24"]
[SourceVersion "1"]
[SourceVersionDate "2021.10.24"]
[SourceQuality "1"]

1. e4 c5 2. Nf3 d6 3. d4 cxd4 4. Nxd4 Nf6 5. Nc3 a6 6. Bg5 e6 7. f4 Qb6 8. Qd2 Qxb2 9. Rb1 Qa3 10. f5 Nc6 11. fxe6 fxe6 12. Nxc6 bxc6 13. Be2 Be7 14. 0-0 0-0 15. Rb3 Qc5+ 16. Be3 Qe5 17. Bf4 Qc5+ 18. Kh1 d5 19. e5 Nd7 20. Na4 Qa7 21. Qc3 Nc5 22. Nxc5 Bxc5 23. Qh3 a5 24. Rbf3 Ba6 25. Bxa6 Qxa6 26. Qxe6+ Kh8 27. h3 Qc8 28. Qxc8 Raxc8 29. g4 Kg8 30. Kg2 Rf7 31. Bg5 Rxf3 32. Rxf3 h6 33. Bf4 a4 34. Bg3 Be7 35. e6 Re8 36. Rc3 Rc8 37. Bf2 Kh7 38. Rf3 Re8 39. Rf4 a3 40. Rf3 Bb4 41. Rb3 Bf8 42. Rf3 Kg6 43. h4 h5 44. Kh3 hxg4+ 45. Kxg4 Bd6 46. h5+ Kh7 47. Kf5 Rf8+ 48. Kg4 Re8 49. Kf5 Rf8+ 50. Kg4 Re8 1/2-1/2

[Event "OP-2019-0-04756"]
[Site "LSS email"]
[Date "2019.03.28"]
[Round "?"]
[White "Kablan, Cristian"]
[Black "Chernov, Igor"]
[Result "1-0"]
[WhiteElo "1622"]
[BlackElo "1898"]
[PlyCount "79"]
[EventDate "2019.03.21"]
[EventType "tourn (corr)"]
[EventRounds "4"]
[EventCountry "GER"]
[SourceTitle "Corr 2022"]
[Source "ChessBase"]
[SourceDate "2021.10.24"]
[SourceVersion "1"]
[SourceVersionDate "2021.10.24"]
[SourceQuality "1"]

1. e4 c5 2. Nf3 Nc6 3. d4 cxd4 4. Nxd4 g6 5. Nc3 Bg7 6. Be3 Nf6 7. Bc4 0-0 8. Bb3 d6 9. f3 Bd7 10. Qd2 Rc8 11. 0-0-0 Ne5 12. Kb1 Nc4 13. Bxc4 Rxc4 14. g4 b5 15. b3 b4 16. bxc4 bxc3 17. Qxc3 Qc7 18. g5 Nh5 19. Ka1 Rc8 20. Rb1 Be6 21. Rb2 Bxc4 22. Rhb1 d5 23. Rb7 Qd6 24. Qb4 Qa6 25. a4 Bf8 26. Nb3 Bxb3 27. Qxb3 dxe4 28. fxe4 Qe2 29. Rb2 Qf3 30. Bc1 Qxe4 31. Kb1 a6 32. Rb8 Rxb8 33. Qxb8 Ng7 34. Qf4 Qe2 35. a5 Ne6 36. Qd2 Qc4 37. Qd3 Qc8 38. Rb6 Nc5 39. Qc4 e5 40. Ba3 1-0

[Event "ZI-2019-0-02577"]
[Site "LSS email"]
[Date "2019.03.28"]
[Round "?"]
[White "Kablan, Cristian"]
[Black "Obukhov, Gennady Nikolaevich"]
[Result "1/2-1/2"]
[WhiteElo "1622"]
[BlackElo "1809"]
[PlyCount "54"]
[EventDate "2019.03.18"]
[EventType "match (corr)"]
[EventRounds "2"]
[EventCountry "GER"]
[SourceTitle "Corr 2022"]
[Source "ChessBase"]
[SourceDate "2021.10.24"]
[SourceVersion "1"]
[SourceVersionDate "2021.10.24"]
[SourceQuality "1"]

1. e4 e6 2. d4 d5 3. Nc3 Nf6 4. e5 Nfd7 5. f4 c5 6. Nf3 Nc6 7. Be3 Be7 8. Qd2 0-0 9. Be2 b6 10. 0-0 f5 11. exf6 Nxf6 12. Kh1 Qc7 13. Ne5 Bb7 14. a3 a6 15. Nxc6 Bxc6 16. Bf3 Qd7 17. Rad1 c4 18. Rde1 Bd6 19. Qe2 Rae8 20. Bd2 Qc7 21. Nd1 Re7 22. g3 Be8 23. Bb4 Bxb4 24. axb4 Bg6 25. Nc3 Rfe8 26. Ra1 a5 27. bxa5 bxa5 1/2-1/2

[Event "OP-2019-0-04752"]
[Site "LSS email"]
[Date "2019.03.22"]
[Round "?"]
[White "Kablan, Cristian"]
[Black "Vodicka, Milan"]
[Result "1/2-1/2"]
[WhiteElo "1620"]
[BlackElo "1913"]
[PlyCount "48"]
[EventDate "2019.03.12"]
[EventType "tourn (corr)"]
[EventRounds "4"]
[EventCountry "GER"]
[SourceTitle "Corr 2022"]
[Source "ChessBase"]
[SourceDate "2021.10.24"]
[SourceVersion "1"]
[SourceVersionDate "2021.10.24"]
[SourceQuality "1"]

1. e4 c5 2. Nf3 Nc6 3. d4 cxd4 4. Nxd4 e6 5. Nc3 Nf6 6. Ndb5 d6 7. Bf4 e5 8. Bg5 a6 9. Na3 b5 10. Nd5 Be7 11. Bxf6 Bxf6 12. c3 Bg5 13. Nc2 0-0 14. a4 bxa4 15. Rxa4 Ne7 16. Bc4 a5 17. 0-0 Nxd5 18. Bxd5 Bd7 19. Ra2 Rb8 20. Na3 a4 21. Nc4 Bb5 22. Rxa4 Bxa4 23. Qxa4 Kh8 24. Qc2 g6 1/2-1/2

[Event "RD-2019-0-00150"]
[Site "LSS email"]
[Date "2019.03.18"]
[Round "?"]
[White "Gulbis, Harijs"]
[Black "Kablan, Cristian"]
[Result "0-1"]
[WhiteElo "1464"]
[BlackElo "1436"]
[PlyCount "116"]
[EventDate "2018.07.17"]
[EventType "tourn (corr)"]
[EventRounds "6"]
[EventCountry "GER"]
[SourceTitle "Corr 2022"]
[Source "ChessBase"]
[SourceDate "2021.10.24"]
[SourceVersion "1"]
[SourceVersionDate "2021.10.24"]
[SourceQuality "1"]

1. e4 c5 2. Nf3 d6 3. d4 cxd4 4. Nxd4 Nf6 5. Nc3 a6 6. h3 e5 7. Nb3 Be6 8. f4 g6 9. Be2 Nbd7 10. 0-0 Rc8 11. Qd3 Bc4 12. Qf3 Bxe2 13. Qxe2 Bh6 14. f5 Bxc1 15. Raxc1 0-0 16. Rcd1 Nb6 17. fxg6 fxg6 18. Rf3 Nh5 19. Rxf8+ Kxf8 20. Qf2+ Kg8 21. Nd2 Qc7 22. a4 Rf8 23. Qe3 Nf4 24. Kh2 Nd7 25. Nf3 Nb6 26. Nd2 Kg7 27. b3 Rc8 28. Ndb1 Rd8 29. Ne2 Nxe2 30. Qxe2 Nd7 31. Na3 Nf6 32. Nc4 b5 33. axb5 axb5 34. Ne3 Qc3 35. Ng4 Nxg4+ 36. hxg4 b4 37. g5 Qc7 38. Rd3 Rf8 39. Qd2 Qb7 40. Rxd6 Qxe4 41. Ra6 Qf4+ 42. Qxf4 Rxf4 43. Re6 Rf5 44. Rb6 Rf4 45. Rb5 Re4 46. Kg3 Kf7 47. Rb7+ Ke6 48. Kf3 Rf4+ 49. Kg3 Kf5 50. Rxh7 Kxg5 51. Re7 Kf5 52. Rf7+ Ke4 53. Rb7 Ke3 54. Re7 e4 55. Rb7 Rf5 56. Rxb4 Rg5+ 57. Kh2 Kf2 58. Rxe4 Rh5+ 0-1

[Event "RD-2019-0-00150"]
[Site "LSS email"]
[Date "2019.03.10"]
[Round "?"]
[White "Kablan, Cristian"]
[Black "Privitera, Santo"]
[Result "1/2-1/2"]
[WhiteElo "1436"]
[BlackElo "1727"]
[PlyCount "37"]
[EventDate "2018.07.17"]
[EventType "tourn (corr)"]
[EventRounds "6"]
[EventCountry "GER"]
[SourceTitle "Corr 2022"]
[Source "ChessBase"]
[SourceDate "2021.10.24"]
[SourceVersion "1"]
[SourceVersionDate "2021.10.24"]
[SourceQuality "1"]

1. e4 Nf6 2. e5 Nd5 3. d4 d6 4. Nf3 g6 5. Bc4 Nb6 6. Bb3 Bg7 7. Ng5 e6 8. Qf3 Qe7 9. Ne4 dxe5 10. Bg5 Qb4+ 11. c3 Qa5 12. Bf6 0-0 13. Bxg7 Kxg7 14. Qf6+ Kg8 15. Qxe5 Qxe5 16. dxe5 a5 17. f4 a4 18. Bc2 N8d7 19. Na3 1/2-1/2

[Event "SD-2019-0-00299"]
[Site "LSS email"]
[Date "2019.02.26"]
[Round "?"]
[White "Kablan, Cristian"]
[Black "Lukashin, Alexandr"]
[Result "1/2-1/2"]
[WhiteElo "1443"]
[BlackElo "1927"]
[PlyCount "58"]
[EventDate "2018.11.08"]
[EventType "tourn (corr)"]
[EventRounds "6"]
[EventCountry "GER"]
[SourceTitle "Corr 2022"]
[Source "ChessBase"]
[SourceDate "2021.10.24"]
[SourceVersion "1"]
[SourceVersionDate "2021.10.24"]
[SourceQuality "1"]

1. e4 e5 2. Nf3 Nc6 3. Bb5 a6 4. Ba4 Nf6 5. 0-0 Be7 6. Re1 b5 7. Bb3 0-0 8. c3 d5 9. exd5 Nxd5 10. Nxe5 Nxe5 11. Rxe5 c6 12. d4 Bd6 13. Re1 Qh4 14. g3 Qh3 15. Be3 Be6 16. Nd2 Bg4 17. Qc2 Bf5 18. Qd1 Bg4 19. Qc2 Bf5 20. Qc1 Rae8 21. Bxd5 cxd5 22. Qd1 Bg4 23. Qb3 Qh5 24. a4 Be2 25. axb5 axb5 26. Ra6 Re6 27. Rea1 h6 28. Ra8 Bb8 29. Re1 Rfe8 1/2-1/2

[Event "SD-2019-0-00299"]
[Site "LSS email"]
[Date "2019.02.12"]
[Round "?"]
[White "Glowinski, Daniel"]
[Black "Kablan, Cristian"]
[Result "1/2-1/2"]
[WhiteElo "1538"]
[BlackElo "1443"]
[PlyCount "119"]
[EventDate "2018.11.08"]
[EventType "tourn (corr)"]
[EventRounds "6"]
[EventCountry "GER"]
[SourceTitle "Corr 2022"]
[Source "ChessBase"]
[SourceDate "2021.10.24"]
[SourceVersion "1"]
[SourceVersionDate "2021.10.24"]
[SourceQuality "1"]

1. e4 c5 2. Nf3 d6 3. Bb5+ Bd7 4. Bxd7+ Qxd7 5. 0-0 Nc6 6. d4 cxd4 7. Nxd4 Nf6 8. Nc3 g6 9. Be3 Bg7 10. f3 0-0 11. Qd2 Rac8 12. Nxc6 Qxc6 13. Rf2 Rfe8 14. Rd1 Nd7 15. Bd4 Qc4 16. Qe3 Nb6 17. a3 Bxd4 18. Qxd4 Qxd4 19. Rxd4 Nc4 20. Nd5 Nxb2 21. Rb4 Nd1 22. Rd2 Nc3 23. Rxb7 Nxd5 24. exd5 a5 25. Rb5 Rc7 26. Rxa5 Rec8 27. c3 Kg7 28. a4 Kf6 29. Re2 Rxc3 30. Ra7 R3c7 31. Rxc7 Rxc7 32. Kf2 g5 33. Kg3 Ra7 34. Re4 Rb7 35. h4 h6 36. Kg4 Rb2 37. hxg5+ hxg5 38. f4 gxf4 39. Rxf4+ Kg6 40. Kf3 Rd2 41. Rg4+ Kf6 42. Rf4+ Kg7 43. Rg4+ Kf6 44. Rf4+ Kg7 45. Rg4+ Kf8 46. Ke4 f6 47. g3 Kf7 48. Rh4 Kg7 49. Rg4+ Kf7 50. Rh4 f5+ 51. Kxf5 Rxd5+ 52. Ke4 Ra5 53. Ke3 e5 54. Rb4 Ke7 55. g4 Ke6 56. Kd3 Ra8 57. g5 Kf5 58. g6 Kxg6 59. Rb6 Rxa4 60. Rxd6+ 1/2-1/2

[Event "OP-2018-0-04699"]
[Site "LSS email"]
[Date "2018.12.28"]
[Round "?"]
[White "De Boe, Camille"]
[Black "Kablan, Cristian"]
[Result "1/2-1/2"]
[WhiteElo "1600"]
[BlackElo "1491"]
[PlyCount "47"]
[EventDate "2018.12.21"]
[EventType "tourn (corr)"]
[EventRounds "4"]
[EventCountry "GER"]
[SourceTitle "Corr 2022"]
[Source "ChessBase"]
[SourceDate "2021.10.24"]
[SourceVersion "1"]
[SourceVersionDate "2021.10.24"]
[SourceQuality "1"]

1. d4 Nf6 2. c4 e6 3. Nc3 Bb4 4. e3 0-0 5. Bd3 d5 6. Nf3 c5 7. 0-0 Nc6 8. a3 Bxc3 9. bxc3 dxc4 10. Bxc4 Qc7 11. Ba2 e5 12. h3 e4 13. Nh2 Bf5 14. Ng4 Bxg4 15. hxg4 h6 16. a4 Rad8 17. Qe2 Na5 18. Ba3 b6 19. Rab1 Rfe8 20. dxc5 Nc6 21. cxb6 axb6 22. f4 exf3 23. gxf3 Rxe3 24. Qxe3 1/2-1/2

[Event "RE-2018-0-00204"]
[Site "LSS email"]
[Date "2018.12.01"]
[Round "?"]
[White "Kablan, Cristian"]
[Black "Koepcke, Klaus Peter"]
[Result "1-0"]
[WhiteElo "1436"]
[BlackElo "1372"]
[PlyCount "47"]
[EventDate "2018.07.14"]
[EventType "tourn (corr)"]
[EventRounds "6"]
[EventCountry "GER"]
[SourceTitle "Corr 2022"]
[Source "ChessBase"]
[SourceDate "2021.10.24"]
[SourceVersion "1"]
[SourceVersionDate "2021.10.24"]
[SourceQuality "1"]

1. e4 c5 2. Nf3 d6 3. d4 cxd4 4. Nxd4 Nf6 5. Nc3 a6 6. Be3 e5 7. Nb3 Be6 8. f3 Nbd7 9. Qd2 Be7 10. g4 Nb6 11. 0-0-0 Qc7 12. h4 Nfd7 13. g5 Nc4 14. Bxc4 Bxc4 15. Kb1 0-0 16. h5 f5 17. Nd5 Bxd5 18. Qxd5+ Kh8 19. exf5 Rxf5 20. Qe6 Rxf3 21. Qxe7 Rxe3 22. h6 Rg8 23. g6 Re2 24. hxg7+ 1-0

[Event "RE-2018-0-00204"]
[Site "LSS email"]
[Date "2018.11.21"]
[Round "?"]
[White "Kablan, Cristian"]
[Black "Raines, David T"]
[Result "1-0"]
[WhiteElo "1436"]
[BlackElo "1206"]
[PlyCount "51"]
[EventDate "2018.07.14"]
[EventType "tourn (corr)"]
[EventRounds "6"]
[EventCountry "GER"]
[SourceTitle "Corr 2022"]
[Source "ChessBase"]
[SourceDate "2021.10.24"]
[SourceVersion "1"]
[SourceVersionDate "2021.10.24"]
[SourceQuality "1"]

1. e4 c6 2. d4 d5 3. Nc3 dxe4 4. Nxe4 Nf6 5. Nxf6+ exf6 6. c3 Bd6 7. Bd3 0-0 8. Qc2 Re8+ 9. Ne2 g6 10. h4 Nd7 11. h5 Nf8 12. Bh6 Qc7 13. 0-0-0 Bg4 14. Kb1 Bxh5 15. f3 f5 16. Bxf5 gxf5 17. Rxh5 Ng6 18. c4 f4 19. c5 Bf8 20. Bxf4 Qe7 21. Ng3 Rad8 22. Ne4 Bg7 23. Bd6 Qe6 24. Rxh7 f5 25. Ng5 Qf6 26. Qb3+ 1-0

[Event "RE-2018-0-00203"]
[Site "LSS email"]
[Date "2018.11.07"]
[Round "?"]
[White "Kablan, Cristian"]
[Black "Littlewood, Richard"]
[Result "1-0"]
[WhiteElo "1436"]
[BlackElo "1800"]
[PlyCount "69"]
[EventDate "2018.06.09"]
[EventType "tourn (corr)"]
[EventRounds "6"]
[EventCountry "GER"]
[SourceTitle "Corr 2022"]
[Source "ChessBase"]
[SourceDate "2021.10.24"]
[SourceVersion "1"]
[SourceVersionDate "2021.10.24"]
[SourceQuality "1"]

1. e4 e5 2. Nf3 Nc6 3. Bb5 a6 4. Ba4 Nf6 5. 0-0 Be7 6. Re1 b5 7. Bb3 d6 8. c3 0-0 9. h3 Nb8 10. d4 Nbd7 11. Nbd2 Bb7 12. Bc2 Re8 13. Nf1 Bf8 14. Ng3 g6 15. a4 c5 16. d5 c4 17. Be3 Nc5 18. Qe2 Qc7 19. Rf1 Nfd7 20. Nh2 Bg7 21. Ng4 Nb6 22. a5 Nba4 23. Bxa4 Nxa4 24. f4 exf4 25. Rxf4 Nc5 26. Raf1 Re7 27. Qf3 Nd3 28. Nf6+ Kh8 29. Rh4 h6 30. Bxh6 Bxh6 31. Rxh6+ Kg7 32. Nf5+ gxf5 33. Qg3+ Kxh6 34. Qh4+ Kg7 35. Qg5+ 1-0

[Event "RE-2018-0-00203"]
[Site "LSS email"]
[Date "2018.11.07"]
[Round "?"]
[White "Kablan, Cristian"]
[Black "Shim Ng Min, Francis"]
[Result "1-0"]
[WhiteElo "1436"]
[BlackElo "1154"]
[PlyCount "23"]
[EventDate "2018.06.09"]
[EventType "tourn (corr)"]
[EventRounds "6"]
[EventCountry "GER"]
[SourceTitle "Corr 2022"]
[Source "ChessBase"]
[SourceDate "2021.10.24"]
[SourceVersion "1"]
[SourceVersionDate "2021.10.24"]
[SourceQuality "1"]

1. e4 c5 2. Nf3 d6 3. d4 cxd4 4. Nxd4 Nf6 5. Nc3 a6 6. Bg5 Nbd7 7. f4 Qb6 8. Qd2 Qxb2 9. Rb1 Qa3 10. Bxf6 gxf6 11. Nd5 Qc5 12. Nb3 1-0

[Event "RE-2016-0-00166"]
[Site "LSS email"]
[Date "2016.02.17"]
[Round "?"]
[White "Kablan, Cristian"]
[Black "Shim Ng Min, Francis"]
[Result "1-0"]
[WhiteElo "1424"]
[BlackElo "1226"]
[PlyCount "79"]
[EventDate "2015.11.01"]
[EventType "tourn (corr)"]
[EventRounds "6"]
[EventCountry "GER"]
[SourceTitle "Corr 2022"]
[Source "ChessBase"]
[SourceDate "2021.10.24"]
[SourceVersion "1"]
[SourceVersionDate "2021.10.24"]
[SourceQuality "1"]

1. e4 c5 2. Nf3 d6 3. d4 cxd4 4. Nxd4 Nf6 5. Nc3 a6 6. Bg5 e6 7. f4 Be7 8. Qf3 Qc7 9. 0-0-0 Nbd7 10. g4 b5 11. Bxf6 Nxf6 12. g5 Nd7 13. h4 b4 14. Nce2 Bb7 15. h5 Nc5 16. Ng3 Rc8 17. Kb1 e5 18. Bh3 exd4 19. Bxc8 Qxc8 20. Rxd4 a5 21. h6 g6 22. Qe3 Ne6 23. Rd2 Qc5 24. Qxc5 dxc5 25. Rf1 Bc6 26. e5 0-0 27. Ne2 Bb5 28. Rf2 Bxe2 29. Rdxe2 Nd4 30. Re4 Rd8 31. c3 bxc3 32. bxc3 Nb5 33. Kc2 Na3+ 34. Kc1 c4 35. Rd2 Rb8 36. Rb2 Rd8 37. Rb7 Kf8 38. e6 fxe6 39. Rxe6 Re8 40. Kb2 1-0